00839 a2200181 4500003000500000005001700005010001600022020001500038040000900053082001200062100002000074245006700094260005000161300003400211440005700245505032800302650002700630Nust20220720124457.0 a 86022712 a0138816409 cNust00a003,LJU1 aLjung, Lennart.10aSystem identification :btheory for the user /cLennart Ljung. aEnglewood Cliffs, NJ :bPrentice-Hall,c1987. axxi, 519 p. :bill. ;c25 cm. 0aPrentice-Hall information and system sciences series aIntroduction (Page-1), Time-Invariant Linear Systems (Page-13), Simulation, Prediction and Control (Page-51), Models of Linear Time-Invariant Systems (Page-69), Models for Time-Varying and Nonlinear Systems (Page-127), Nonparametric Time and Frequency-Doman Methods (Page-141), System Identification in Practice (Page-434)  0aSystem identification.